League of Legends - Champions Ionia - Statistiques

Statistiques générales
  • Ce quiz a été pris 106 fois
  • Le résultat moyen est 15 sur 27
Statistiques - réponses
Réponse % Correct
Yasuo
94%
Yone
93%
Irelia
90%
Akali
83%
Kennen
79%
Shen
78%
Zed
78%
Ahri
75%
Karma
74%
Rakan
69%
Xayah
69%
Maître Yi
58%
Sett
54%
Kayn
53%
Lee Sin
50%
Jhin
49%
Wukong
46%
Riven
39%
Lillia
36%
Ivern
35%
Syndra
31%
Taliyah
25%
Varus
25%
Sona
23%
Xin Zhao
23%
Udyr
19%
Soraka
15%
Aucun quiz correspondant
Distribution des résultats
% des personnes avec chaque résultat
Percentile par nombre de réponses
Votre historique - résultats
Vous n’avez pas pris ce quiz